MARC

LEADER 00000nam0a2200000 4500
001 53566
005 20231031045419.0
010 |a 5940741177 
035 |a (RuTPU)RU\TPU\book\56159 
090 |a 53566 
100 |a 20030620d2002 km y0rusy50 ca 
101 1 |a rus 
102 |a RU 
105 |a a z 001zy 
200 1 |a FrontPage 2002 для Windows  |e пер. с англ.  |f Н. Хестер 
210 |a Москва  |c ДМК Пресс  |d 2002 
215 |a 448 с.  |c ил. 
225 1 |a Быстрый старт 
320 |a Предм. указ.: с. 439-447. 
610 1 |a информатика 
610 1 |a создание 
610 1 |a программы 
610 1 |a Web-сайты 
610 1 |a Web-страницы 
610 1 |a FrontPage 2002 
675 |a 681.324.06  |v 3 
700 1 |a Хестер  |b Н.  |g Нолан 
801 1 |a RU  |b 63413507  |c 20030620  |g PSBO 
801 2 |a RU  |b 63413507  |c 20050805  |g PSBO 
942 |c BK